Creative church administration /

Сохранить в:
Библиографические подробности
Главный автор: Schaller,Lyle E.
Другие авторы: Tidwell, Charles A.
Формат:
Язык:английский
Опубликовано: Nashville : Abingdon, c1975.
Предметы:
Метки: Добавить метку
Нет меток, Требуется 1-ая метка записи!

MARC

LEADER 00000cam a22000002a 4500
001 0000005119
003 DAYSTAR
005 20171002014336.0
008 030703s1975 xx 001 0 eng d
020 |a 0687098165 
040 |a Daystar  |d BNjogu 
050 0 0 |a BV 652  |b .S28 
100 1 |a Schaller,Lyle E. 
245 1 0 |a Creative church administration /  |c Lyle E. Schaller. 
260 |a Nashville :  |b Abingdon,  |c c1975. 
300 |a 208 p. 
650 0 |a Church management. 
700 1 |a Tidwell, Charles A. 
908 |a 060412 
942 |c G 
952 |0 4  |1 0  |4 0  |6 BV0652 S28  |7 0  |9 998  |a DUN  |b DUN  |c STORE  |d 2017-09-28  |l 0  |o BV 652.S28  |p BK028989  |r 2017-09-28 00:00:00  |t c.  |w 2017-09-28  |x 52004  |y G 
999 |c 623  |d 623